Five Biggest Emigrant Destinations by Country #1 - Statistics

General Stats
  • This quiz has been taken 684 times
  • The average score is 27 of 36
Answer Stats
Ranking Destination % Correct
United Kingdom (2), India (3), China (1), Somalia (4), Peru (1) United States
99%
Morocco (1), Serbia (4) France
97%
Russia (3),Serbia (3) Germany
96%
United Kingdom (1),China (5) Australia
95%
United Kingdom (3),China (2) Canada
95%
United Kingdom (5), Morocco (2), Peru (3) Spain
95%
Somalia (5) United Kingdom
94%
Morocco (3), Peru (5) Italy
90%
Syria (1) Turkey
87%
China (4) Japan
86%
Syria (4) ,India (4), Indonesia (1) Saudi Arabia
85%
Indonesia (4) China
82%
Russia (1) Ukraine
82%
India (1), Indonesia (3) United Arab Emirates
81%
Peru (2) Argentina
80%
China (3) South Korea
78%
Peru (4) Chile
74%
Indonesia (2) Malaysia
74%
Somalia (2) Ethiopia
73%
Syria (2) Lebanon
72%
Syria (5) Iraq
71%
India (2) Pakistan
70%
Morocco (4) Netherlands
69%
Syria (3) Jordan
68%
Somalia (1) Kenya
68%
Indonesia (5) Singapore
67%
Russia (5) Belarus
65%
Serbia (5) Croatia
62%
Russia (2) Kazakhstan
62%
Serbia (1) Austria
60%
Morocco (5) Israel
60%
Serbia (2) Switzerland
60%
United Kingdom (4) South Africa
56%
India (5) Kuwait
53%
Russia (4) Uzbekistan
41%
Somalia (3) Yemen
40%
No matching quizzes found
Score Distribution
Percent of People with Each Score
Percentile by Number Answered
Your Score History
You have not taken this quiz